Statystyki dla kolęda "Triumfy Króla niebieskiego" - uzupełnianka

Kliknij tutaj aby rozwiązać quiz!

Ogólne statystyki

  • Ten quiz został rozwiązany 119 razy
  • Średni wynik to 7 z 24

Statystyki odpowiedzi

Tekst zwrotki% Poprawnych
Triumfy Króla niebieskiego, {zstąpiły} z nieba wysokiego.
96%
Chwała bądź Bogu w {wysokości}, a ludziom pokój na niskości.
93%
Narodził się Zbawiciel, dusz ludzkich {Odkupiciel},
93%
Pobudziły {pasterzów}, dobytku swego stróżów,
93%
{śpiewaniem}, {śpiewaniem}, {śpiewaniem}.
83%
{na ziemi}, {na ziemi}, {na ziemi}.
65%
Zrodziła Maryja Dziewica, wiecznego Boga bez {rodzica}.
63%
{pałacach}, {pałacach}, {pałacach}.
42%
By nas z piekła wybawił, a w {niebieskich} postawił,
40%
Co się nowego dzieje, że tak {światłość} jaśnieje,
6%
I które mieli z sobą {dary} Dzieciątku dają na ofiary.
6%
Pasterze w {podziwieniu} stają, tryumfu przyczynę badają.
6%
{nie wiedzą}, {nie wiedzą}, {nie wiedzą}.
3%
A potem Maryi cześć dają Za Matkę {Boską} Ją uważają
2%
Bogiem Go być prawdziwym, sercem, {afektem} żywym
1%
Niebieskim światłem {oświeceni} pokornie przed nim uniżeni,
1%
Śpiesząc na powitanie do Betlejemskiej {stajnie}
1%
Że to Bóg, gdy się dowiedzieli, swej trzody w polu {odbierzeli},
1%
{Dzieciątka}, {Dzieciątka}, {Dzieciątka}.
0%
Przyjmij o Narodzony, {nas} i dar przyneisiony
0%
{Statecznie}, {statecznie}, {statecznie}.
0%
Tak nas uczą przykładem Jak iść mamy {ich śladem}
0%
{wyznają}, {wyznają}, {wyznają}.
0%
{z ochotą}, {z ochotą}, {z ochotą}.
0%

Rozkład punktacji

Percentyl według liczby udzielonych odpowiedzi

Procent ludzi z każdym wynikiem

Twoja historia wyników

Nie rozwiązałeś tego quizu